Коммуникативные границы современного инженерного дискурса; Актуальные проблемы литературоведения и лингвистики; Вып. 19

Opis bibliograficzny
Parent link:Актуальные проблемы литературоведения и лингвистики: сборник материалов V (XIX) Международной конференции молодых ученых, Томск, 19-21 Апреля 2018/ Национальный исследовательский Томский государственный университет (ТГУ)
Вып. 19.— 2018.— [С. 68-70]
1. autor: Куркан Н. В. Наталия Владимировна
Korporacja: Национальный исследовательский Томский политехнический университет Школа базовой инженерной подготовки Отделение русского языка
Kolejni autorzy: Мишанкина Н. А. Наталья Александровна (научный руководитель)
Streszczenie:Заглавие с экрана
Профессиональная коммуникация в сфере инженерной деятельности, являясь одной из наиболее важных областей современной жизни, обеспечивающей внедрение наукоемких технологий в промышленность и образование, представляет интерес в качестве объекта исследования лингвистов. В работе ставится проблема выделения инженерной коммуникации в самостоятельную дискурсивную область, анализируются основные ее параметры как институционального дискурса и обозначаются границы по отношению к научному.
Język:rosyjski
Wydane: 2018
Hasła przedmiotowe:
Dostęp online:https://elibrary.ru/item.asp?id=37006844
Format: Elektroniczne Rozdział
KOHA link:https://koha.lib.tpu.ru/cgi-bin/koha/opac-detail.pl?biblionumber=660470

MARC

LEADER 00000naa0a2200000 4500
001 660470
005 20250403172537.0
035 |a (RuTPU)RU\TPU\network\29903 
035 |a RU\TPU\network\6071 
090 |a 660470 
100 |a 20190703d2018 k||y0rusy50 ca 
101 0 |a rus 
102 |a RU 
135 |a drcn ---uucaa 
181 0 |a i  
182 0 |a b 
200 1 |a Коммуникативные границы современного инженерного дискурса  |f Н. В. Куркан  |g науч. рук. Н. А. Мишанкина 
203 |a Текст  |c электронный 
300 |a Заглавие с экрана 
320 |a [Библиогр.: 12 назв.] 
330 |a Профессиональная коммуникация в сфере инженерной деятельности, являясь одной из наиболее важных областей современной жизни, обеспечивающей внедрение наукоемких технологий в промышленность и образование, представляет интерес в качестве объекта исследования лингвистов. В работе ставится проблема выделения инженерной коммуникации в самостоятельную дискурсивную область, анализируются основные ее параметры как институционального дискурса и обозначаются границы по отношению к научному. 
461 |t Актуальные проблемы литературоведения и лингвистики  |o сборник материалов V (XIX) Международной конференции молодых ученых, Томск, 19-21 Апреля 2018  |f Национальный исследовательский Томский государственный университет (ТГУ) 
463 |t Вып. 19  |v [С. 68-70]  |d 2018 
610 1 |a электронный ресурс 
610 1 |a труды учёных ТПУ 
610 1 |a инженерный дискурс 
610 1 |a профессиональная компетентность 
700 1 |a Куркан  |b Н. В.  |c лингвист  |c старший преподаватель Томского политехнического университета  |f 1976-  |g Наталия Владимировна  |3 (RuTPU)RU\TPU\pers\33312  |9 17050 
702 1 |a Мишанкина  |b Н. А.  |c лингвист  |c профессор Томского политехнического университета, доктор филологических наук  |f 1969-  |g Наталья Александровна  |4 727 
712 0 2 |a Национальный исследовательский Томский политехнический университет  |b Школа базовой инженерной подготовки  |b Отделение русского языка  |3 (RuTPU)RU\TPU\col\23517 
801 2 |a RU  |b 63413507  |c 20190703  |g RCR 
856 4 |u https://elibrary.ru/item.asp?id=37006844 
942 |c CF